|
|
|
|
| LEADER |
00663naa a2200205 i 4500 |
| 001 |
publ30735 |
| 005 |
20241011103039.0 |
| 008 |
241011s2006 hu o 000 hun d |
| 020 |
|
|
|a 9632428978
|
| 024 |
7 |
|
|a 2710909
|2 mtmt
|
| 040 |
|
|
|a SZTE Publicatio Repozitórium
|b hun
|
| 041 |
|
|
|a hun
|
| 100 |
1 |
|
|a Balogh Ádám
|
| 245 |
1 |
0 |
|a Akut has
|h [elektronikus dokumentum] /
|c Balogh Ádám
|
| 260 |
|
|
|a Medicina Könyvkiadó Zrt.
|b Budapest
|c 2006
|
| 300 |
|
|
|a 8
|
| 300 |
|
|
|a 142-149
|
| 490 |
0 |
|
|a Differenciáldiagnosztikai kalauz
|v 3. átdolg. kiad.
|
| 650 |
|
4 |
|a Klinikai orvostan
|
| 856 |
4 |
0 |
|u http://publicatio.bibl.u-szeged.hu/30735/1/aok_klny_905_06.pdf
|z Dokumentum-elérés
|